000 00678nam a2200205Ia 4500
001 14642
003 GE_BSU
008 181216s||||||||xx |||||||||||||| ||und||
020 _a5529008852
040 _cGE_BSU
100 _aნიშნიანიძე,შოთა
245 _aთხზულებანი ორ ტომად ტ.1. ლექსები, პოემა
245 _cწინასიტყვ.ავტ.ჯ.ღვინჯილია
260 _aთბილისი
260 _bსაქართველო
260 _c1990-1991
300 _a413გვ.20სმ.
653 _aლექსები, პოემა
942 _cBK
999 _c47768
_d47768